000 00281nam a22001217a 4500
008 170815b xxu||||| |||| 00| 0 eng d
041 _aeng
080 _a51
100 _a36
101 _aMAT
245 _aQUEUEING BASIC THEORY AND APPLICATIONS
_cGIFFIN.W.C
942 _2udc
_cBK
999 _c23507
_d23507